Statistics for World's triband flags #1

Click here to take the quiz!

General Stats

  • This quiz has been taken 8 times
    (6 since last reset)
  • The average score is 54 of 63

Answer Stats

Answer% Correct
Armenia
100%
Austria
100%
Azerbaijan
100%
Bolivia
100%
Botswana
100%
Bulgaria
100%
Cambodia
100%
Croatia
100%
Estonia
100%
Gabon
100%
Germany
100%
Hungary
100%
India
100%
Iran
100%
Iraq
100%
Laos
100%
Latvia
100%
Lebanon
100%
Libya
100%
Lithuania
100%
Luxembourg
100%
Myanmar
100%
Netherlands
100%
Niger
100%
North Korea
100%
Oman
100%
Russia
100%
Sierra Leone
100%
Slovakia
100%
Slovenia
100%
Spain
100%
Syria
100%
Tajikistan
100%
United Arab Emirates
100%
Uzbekistan
100%
Yemen
100%
Argentina
75%
Bahamas
75%
Belize
75%
Egypt
75%
Ethiopia
75%
Ghana
75%
Honduras
75%
Jordan
75%
Kenya
75%
Kuwait
75%
Lesotho
75%
Malawi
75%
Mozambique
75%
Nauru
75%
South Ossetia
75%
Suriname
75%
Swaziland
75%
Venezuela
75%
Ecuador
50%
El Salvador
50%
Gambia
50%
Nicaragua
50%
Paraguay
50%
Somaliland
50%
Sudan
50%
French Polynesia
25%
Puntland
25%

Score Distribution

Percentile by Number Answered

Percent of People with Each Score

Your Score History

You have not taken this quiz since the last reset